000 00497nam a2200181Ia 4500
001 64857
008 150303s9999 xx 000 0 und d
020 _a9789699739378
040 _cPK-LaUMT
082 _a 155.9042
_bSTR-
100 _aInam ul Haque Masood
245 _aStress & stress management
_ba guide for walking the tightrope
_cInam ul Haque Masood
260 _aLahore,Pakistan:
_bJumhoori Publications,
_c2013
300 _a182 p.
546 _aEN
650 _aStress
942 _cBK
999 _c66901
_d66901